000 00299nam a2200145Ia 4500
100 _aThakkar/K
942 _cBK
654 _aunix
245 _aVijay mukhis working with UNIX
260 _bBPB
_aNew Delhi
_c1993
082 _a005.13'U'
_bTHA
300 _a523
546 _aENGLISH
999 _c27091
_d27091